000 nam a22 a 4500
999 _c179284
_d179284
003 BLK
005 20220909150952.0
008 180411b bul|||||r ||||||| ||bul||
010 _aKNG00188063000
020 _a9789546443106
040 _aBLK
041 _aBUL
_cBUL
080 _aПазар. Анализ на пазара. Търсене. Предлагане. Конкуренция. Маркетингова логистика
_b339.13
_x(075.8)
_z339.13(075.8)
139 _aМаркетинг
_bМ 32
245 1 0 _aМаркетинг
_cСимеон Желев и др. ; състав. Симеон Желев, Галина Младенова
250 _a[5. изд.]
257 _aBGR
260 _aСофия
_bУНСС
_c2013
300 _a644 с.
_bс табл., сх.
_c24 см
380 _a3
500 _aДруги авт.: Галина Младенова, Боян Дуранкев, Свободка Класова, Станка Тонкова, Велина Балева, Пенчо Иванов, Христо Катранджиев, Християн Танушев, Красимир Маринов, Татяна Нецева, Николай Цонев, Николай Ванков, Елена Найденова. - 1. изд. 1999 по данни от док.
504 _aБиблиогр. с. 643 и след отд. гл.
650 4 _aМаркетинг - учебници за ВУЗ
_9242328
653 _aмаркетинг
653 _aучебници за ВУЗ
659 _aН
700 1 _aЖелев, Симеон Денев
_eсъстав.
_9383323
700 1 _aМладенова, Галина Пенчева
_eсъстав.
_9383604
852 _aЦб 314281
_bЦб
942 _cKNG
_n0
_07
_s1
944 _aCR
_c30.05.2016
_kВиолета_Тройчева
944 _aED
_c2022-09-09
_kГГГ